000 00864nas a2200301 4500
001 BR2012003742
003 BR-BrBNA
005 20231205120613.0
007 ta
008 230509b bl.|||p| |||| 00| 00por d
040 _aBR-BrBNA
_bpor
_cBiblioteca Nacional de Agricultura
041 _a(En)
072 _aF03
100 1 _aMenezes, N.L. de
100 1 _aCicero, S.M.
100 1 _aVillela, F.A.
100 1 _aBortolotto, R.P.
245 1 _aUsing X-Rays to evaluate fissures in rice seeds dried artificially
650 _aARROZ
650 _aSEMENTE
650 _aQUALIDADE
650 _aGERMINAÇÃO
650 _aSECAGEM ARTIFICIAL
650 _aRAIO X
773 0 _tRevista Brasileira de Sementes (Brazil)
_xISSN 0101-3122
_g(Mar 2012), v. 34(1) p. 70-77
_wBR2012003742
909 _a202311
_bLúcia
_c55
_dLúcia Elande
942 _2AGRIS
_n0
_cANA
999 _c219343
_d219343